| 000 | 00823nas a2200277 4500 | ||
|---|---|---|---|
| 001 | BR8201882 | ||
| 003 | BR-BrBNA | ||
| 005 | 20231205085119.0 | ||
| 007 | ta | ||
| 008 | 230509b bl.|||p| |||| 00| 00por d | ||
| 040 |
_aBR-BrBNA _bpor _cBiblioteca Nacional de Agricultura |
||
| 041 | _a(Pt) | ||
| 072 | _aF00; E70 | ||
| 100 | 1 | _aAnon. | |
| 245 | 1 | _aColza e trigo no Rio Grande do Sul [Brassica campestris; Triticum spp.; Plantio; Consumo; Politica comercial; Brasil] | |
| 650 | _aCOLZA | ||
| 650 | _aTRIGO | ||
| 650 | _aPLANTIO | ||
| 650 | _aRENDIMENTO | ||
| 650 | _aCONSUMO | ||
| 650 | _aPOLITICA COMERCIAL | ||
| 650 | _aRIO GRANDE DO SUL | ||
| 773 | 0 |
_tDirigente Rural (Brazil) _xISSN 0012-3374 _g(Jan 1982), v. 21(1) p. 7-9 _wBR8201882 |
|
| 909 |
_a202311 _bLúcia _c55 _dLúcia Elande |
||
| 942 |
_2AGRIS _n0 _cANA |
||
| 999 |
_c109309 _d109309 |
||